Marx három levele a (nyárs)polgári nemzetről
Elmentve itt :
| Szerző: | |
|---|---|
| Adatforrás: | Meister |
| Forrásdokumentuma: | Korunk. - 5 sz., 1994, 45-52 p. |
| Nyelv: | magyar |
| Kulcsszavak: | filozófiatörténet társadalomfilozófia emancipáció szocializmus nemzet MARX Karl RUGE Arnold |
| LEADER | 00528nab a2200193 i 4500 | ||
|---|---|---|---|
| 001 | bibPRO00000074 | ||
| 008 | 060524s1994 xx hun | ||
| 040 | |a Sz1 | ||
| 041 | |a hun | ||
| 100 | 1 | |a KERESKÉNYI Sándor | |
| 245 | 1 | 0 | |a Marx három levele a (nyárs)polgári nemzetről |c KERESKÉNYI Sándor |
| 695 | |a filozófiatörténet | ||
| 695 | |a társadalomfilozófia | ||
| 695 | |a emancipáció | ||
| 695 | |a szocializmus | ||
| 695 | |a nemzet | ||
| 695 | |a MARX Karl | ||
| 695 | |a RUGE Arnold | ||
| 773 | 0 | |t Korunk. - |g 5 sz., 1994, 45-52 p. | |